000 00926cam a2200241 a 4500
001 sa 68008185
003 DLC
005 20260227112530.0
008 980311m19661968ii 000 0 san
010 _asa 68008185
040 _aDLC
_cDLC
_dDLC
050 0 0 _aBL1316.B444
_bA9435 1966
100 0 _aJinabhadragaṇi.
240 1 0 _aViśeṣāvaśyakabhāśya
245 1 0 _aSrijinabhadragaṇikṣamāsramaṇaviracitaṃ Viśeṣāvaśyakabhāṣyam ; svopajñavr̥ttisahitam /
_csampādaka Dalasukha Mālavaṇiya.
260 _aAmadāvāda :
_bLālabhāi Dalapatabhāī Bhāratīya Saṃskr̥ti Vidym̄andira,
_c[1966-1968]
300 _a3 v. ;
_c25 cm.
440 0 _aLālabhāi Dalapatabhāī granthamāla ;
_v10, 14, 21
546 _aIn Prakrit; commentary in Sanskrit; pref. in English.
600 0 0 _aBhadrabanu.
_tAvabsyakaniryukti.
650 0 _aJainism
_xEarly works to 1800.
700 1 _aMalvania, Dulsukh Bhai.
999 _c82295
_d82295